<?xml version='1.0' encoding='UTF-8'?>
  <record xmlns="http://www.loc.gov/MARC21/slim">
    <leader>00000ctm a2200000 i 4500</leader>
    <controlfield tag="001">ocn965407245</controlfield>
    <controlfield tag="003">OCoLC</controlfield>
    <controlfield tag="005">20240603024206.2</controlfield>
    <controlfield tag="008">100825q16001616xx            000 0 lat d</controlfield>
    <datafield tag="040" ind1=" " ind2=" ">
      <subfield code="a">QGJ</subfield>
      <subfield code="b">dut</subfield>
      <subfield code="c">QGJ</subfield>
      <subfield code="d">OCLCL</subfield>
      <subfield code="d">OCLCQ</subfield>
    </datafield>
    <datafield tag="035" ind1=" " ind2=" ">
      <subfield code="a">(OCoLC)965407245</subfield>
    </datafield>
    <datafield tag="100" ind1="1" ind2=" ">
      <subfield code="a">Dusseldorp, Frans van,</subfield>
      <subfield code="d">1567-1630.</subfield>
    </datafield>
    <datafield tag="245" ind1="1" ind2="0">
      <subfield code="a">Eisagogē sive introductio ad annales sequentes /</subfield>
      <subfield code="c">Franciscus Dusseldorpius.</subfield>
      <subfield code="f">UBU Hs. 775.</subfield>
    </datafield>
    <datafield tag="246" ind1="1" ind2=" ">
      <subfield code="a">Annales sive historiae de tumultibus Belgicis annis 1566-1615</subfield>
    </datafield>
    <datafield tag="260" ind1=" " ind2=" ">
      <subfield code="a">Coloniae,</subfield>
      <subfield code="c">[ca. 1600-1616]</subfield>
    </datafield>
    <datafield tag="300" ind1=" " ind2=" ">
      <subfield code="a">2 dl. :</subfield>
      <subfield code="b">ill. ;</subfield>
      <subfield code="c">320 x 210 mm</subfield>
    </datafield>
    <datafield tag="336" ind1=" " ind2=" ">
      <subfield code="a">text</subfield>
      <subfield code="b">txt</subfield>
      <subfield code="2">rdacontent</subfield>
    </datafield>
    <datafield tag="337" ind1=" " ind2=" ">
      <subfield code="a">unmediated</subfield>
      <subfield code="b">n</subfield>
      <subfield code="2">rdamedia</subfield>
    </datafield>
    <datafield tag="338" ind1=" " ind2=" ">
      <subfield code="a">volume</subfield>
      <subfield code="b">nc</subfield>
      <subfield code="2">rdacarrier</subfield>
    </datafield>
    <datafield tag="340" ind1=" " ind2=" ">
      <subfield code="a">papier.</subfield>
    </datafield>
    <datafield tag="500" ind1=" " ind2=" ">
      <subfield code="a">Kroniek van de gebeurtenissen in zijn persoonlijk leven en in zijn tijd.</subfield>
    </datafield>
    <datafield tag="500" ind1=" " ind2=" ">
      <subfield code="a">Autograaf, grotendeels geschreven tijdens zijn verblijf te Keulen (Dl. 1, fol. 24v: hoc tempore quo haec scribo, anno Domini 1615, en dl. 2, fol. 236r: Vale Coloniae 13 Julii anno 1616).</subfield>
    </datafield>
    <datafield tag="500" ind1=" " ind2=" ">
      <subfield code="a">In P.A. Tiele, Catalogus codicum manu scriptorum Bibliothecae Universitatis Rheno-Trajectinae I o.d.t.: Annales sive historiae de tumultibus Belgicis annis 1566-1615.</subfield>
    </datafield>
    <datafield tag="500" ind1=" " ind2=" ">
      <subfield code="a">Verlucht met gravures o.m. afkomstig uit : Lodovico Giucciardini, Beschryvinghe van alle de Neder-landen ...; Franz und Abraham Hogenberg, Geschichtsblätter ...; Jan Jansz. Orlers, Description et representation de toutes les victoires ... souz la conduite et gouvernement de son Excellence, le prince Maurice de Nassau ...; Willem Baudart, Les guerres de Nassau ...</subfield>
    </datafield>
    <datafield tag="500" ind1=" " ind2=" ">
      <subfield code="a">Bevat tevens: Oratio funebris, in obitum illustrissimi ac reverendissimi domini, D.Sasboldi, archiepiscopi Philippensis et Ultrajectensis .... - Coloniae Agrippinae : ex typographaeo Stephani Hemmerden, anno 1614, dat apart is beschreven.</subfield>
    </datafield>
    <datafield tag="500" ind1=" " ind2=" ">
      <subfield code="a">I. 1566-1589 (352 fol.) II. 1590-1615 (237 fol.)</subfield>
    </datafield>
    <datafield tag="524" ind1=" " ind2=" ">
      <subfield code="a">Te citeren als: Universiteitsbibliotheek Utrecht Hs. 775.</subfield>
    </datafield>
    <datafield tag="563" ind1=" " ind2=" ">
      <subfield code="a">Losse katernen, dl. 1 met perkamenten omslag.</subfield>
    </datafield>
    <datafield tag="500" ind1=" " ind2=" ">
      <subfield code="a">Illustrations: diepdruk / intaglio printing.</subfield>
    </datafield>
    <datafield tag="581" ind1=" " ind2=" ">
      <subfield code="a">[P.A. Tiele], Catalogus codicum manu scriptorum Bibliothecae Universitatis Rheno-Trajectinae. I. Trajecti ad Rhenum / Hagae Comitis 1887. p. 199.</subfield>
    </datafield>
    <datafield tag="581" ind1=" " ind2=" ">
      <subfield code="a">H. Brugmans, 'Dusseldorp', in: Nieuw Nederlansch Biografisch Woordenboek VI. Onder red. van P.C. Molhuysen, P.J. Blok, K.H. Kossmann. Leiden 1924 (fotomechanische herdruk Amsterdam 1974), kol. 460-461 kol. 461.</subfield>
    </datafield>
    <datafield tag="581" ind1=" " ind2=" ">
      <subfield code="a">Dusseldorpius, F. Annales 1566-1616. Uitgeg. d. R. Fruin. Den Haag 1893. (= Werken uitgegeven door het Historisch Genootschap, gevestigd te Utrecht, 3e serie, 1). Handschrift gedeeltelijk uitgegeven.</subfield>
    </datafield>
    <datafield tag="581" ind1=" " ind2=" ">
      <subfield code="a">G. Hesse, 'De oudere historiografie der HH. Martelaren van Gorcum', in: Collectanea Franciscana Neerlandica 2 (1931), p. 447-498 p. 473-474 nr. 25.</subfield>
    </datafield>
    <datafield tag="581" ind1=" " ind2=" ">
      <subfield code="a">J.H. Hofman, 'Uit de Annales Belgici van Franciscus van Dusseldorp', in: Bijdragen voor de geschiedenis van het Bisdom van Haarlem 14 (1887), p. 334-449 15 (1888), p. 1-20. Handschrift uitgegeven wat betreft de jaren 1572-1575.</subfield>
    </datafield>
    <datafield tag="581" ind1=" " ind2=" ">
      <subfield code="a">R. Lindeman, Y. Scherf &amp; R.M. Dekker (samenst.), Egodocumenten van Noord-Nederlanders van de zestiende tot begin negentiende eeuw. Een chronologische lijst. Rotterdam 1993. p. 21 nr. 15.B.A. Vermaseren, De katholieke Nederlandse geschiedschrijving in de 16e en 17e eeuw over de opstand. Leeuwarden 1981 (tweede druk met aanvullingen door B.A. Vermaseren eerste druk Maastricht 1941). p. 69-91, 286.</subfield>
    </datafield>
    <datafield tag="600" ind1="1" ind2="4">
      <subfield code="a">Dusseldorp, Frans van,</subfield>
      <subfield code="d">1567-1630.</subfield>
    </datafield>
    <datafield tag="655" ind1=" " ind2="7">
      <subfield code="a">Handschriften (vorm)</subfield>
      <subfield code="0">(NL-LeOCL)088143309.</subfield>
      <subfield code="2">gtt</subfield>
    </datafield>
    <datafield tag="700" ind1="1" ind2=" ">
      <subfield code="a">Rovenius, Philippus,</subfield>
      <subfield code="e">former owner.</subfield>
      <subfield code="4">fmo</subfield>
      <subfield code="5">NL-UtRU</subfield>
    </datafield>
    <datafield tag="758" ind1=" " ind2=" ">
      <subfield code="a">UBU Hs. 775 Eisagogē sive introductio ad annales sequentes (Text)</subfield>
      <subfield code="1">https://id.oclc.org/worldcat/entity/E39PD3FCvcxt8PWjrqRWbpFc4C</subfield>
      <subfield code="4">https://id.oclc.org/worldcat/ontology/hasWork</subfield>
    </datafield>
    <datafield tag="856" ind1="4" ind2="1">
      <subfield code="u">http://objects.library.uu.nl/reader/resolver.php?obj=002320570&amp;type=2</subfield>
      <subfield code="x">Online</subfield>
      <subfield code="z">Full Text</subfield>
    </datafield>
    <datafield tag="936" ind1=" " ind2=" ">
      <subfield code="a">BATCHLOAD</subfield>
    </datafield>
  </record>